Central Library OPAC University of Rajshahi

Argonauts of the western Pacific : (Record no. 11714)

MARC details
000 -LEADER
fixed length control field 01170nam a2200301 a 4500
001 - CONTROL NUMBER
control field 11714
003 - CONTROL NUMBER IDENTIFIER
rucl marc code BD-RjUL
005 - DATE AND TIME OF LATEST TRANSACTION
control field 20211208235154.0
008 - FIXED-LENGTH DATA ELEMENTS--GENERAL INFORMATION
fixed length control field 140126r19661922enko 001 0 eng
035 ## - SYSTEM CONTROL NUMBER
System control number (BD-RjUL)11763
040 ## - CATALOGING SOURCE
Original cataloging agency DLC
Transcribing agency CarP
Modifying agency BD-RjUL
Language of cataloging eng
041 ## - LANGUAGE CODE
Language code of text/sound track or separate title eng
082 04 - DEWEY DECIMAL CLASSIFICATION NUMBER
Author mark and year MAA 1966
Edition number 23
Classification number 305.8995
100 1# - MAIN ENTRY--PERSONAL NAME
Personal name Malinowski, Bronislaw
Dates associated with a name 1884-1942.
9 (RLIN) 5789
245 10 - TITLE STATEMENT
Title Argonauts of the western Pacific :
Remainder of title an account of native enterprise and adventure in the archipelagoes of Melanesian New Guinea /
Statement of responsibility, etc. by Bronislaw Malinowski ; with a preface by James George Frazer
260 ## - PUBLICATION, DISTRIBUTION, ETC. (IMPRINT)
Place of publication, distribution, etc. London :
Name of publisher, distributor, etc. Routledge & Kegan Paul,
Date of publication, distribution, etc. 1922 [Impression 1966].
300 ## - PHYSICAL DESCRIPTION
Pagination xxxi, 527p. :
Illustrations ill. ;
Size 22 cm.
500 ## - GENERAL NOTE
General note "With 5 Maps, 65 Illustrations and 2 Figures"
504 ## - BIBLIOGRAPHY, ETC. NOTE
Bibliography, etc Include index.
650 #0 - SUBJECT ADDED ENTRY--TOPICAL TERM
Topical term or geographic name as entry element Ethnology
Geographic subdivision New Guinea.
9 (RLIN) 36246
Topical term or geographic name as entry element Manners and customs.
9 (RLIN) 222752
Topical term or geographic name as entry element Folklore
Geographic subdivision New Guinea.
9 (RLIN) 36248
651 ## - SUBJECT ADDED ENTRY--GEOGRAPHIC NAME
Geographic name Papua and New Guinea
General subdivision Social life and customs.
9 (RLIN) 222753
Geographic name Melanesia
General subdivision Social life and customs.
9 (RLIN) 86877
700 ## - ADDED ENTRY--PERSONAL NAME
Personal name Frazer, James George, pref.
942 ## - ADDED ENTRY ELEMENTS (KOHA)
Source of classification or shelving scheme Dewey Decimal Classification
Koha item type Books
Holdings
Lost status Source of classification or shelving scheme Damaged status Not for loan Collection code Permanent Location Current Location Shelving location Date acquired Source of acquisition Cost, normal purchase price Total Checkouts Full call number Date last seen Copy number Koha item type
  Dewey Decimal Classification   Not For Loan Non-fiction Central Library, University of Rajshahi Central Library, University of Rajshahi Reading Room 20/05/2068 Sweets and Zeitlinger. 60.00   305.8995 MAA 1966 27/01/2014 C-1 Books
  Dewey Decimal Classification     Non-fiction Central Library, University of Rajshahi Central Library, University of Rajshahi   20/05/1968 Sweets & Zeitlinger 60.00   305.8995 MAA 1966 18/09/2018 C-2 Books
  Dewey Decimal Classification     Non-fiction Central Library, University of Rajshahi Central Library, University of Rajshahi   20/05/1968 Sweets & Zeitlinger 60.00   305.8995 MAA 1966 18/09/2018 C-3 Books